| 000 | 005040000a22001810004500 | ||
|---|---|---|---|
| 003 | MACL | ||
| 005 | 20151021103358.0 | ||
| 008 | 151021b xxu||||| |||| 00| 0 eng d | ||
| 040 |
_aMACL _cMACL |
||
| 041 | _aEnglish | ||
| 082 | _a954/DAT | ||
| 100 |
_aDatta, Rajat _916046 |
||
| 245 |
_aRethinking A Millennium _bPerspective on Indian Hiistory from the Eighth to the Eighteenth Century |
||
| 260 |
_bAakar Books _c2008 _aDelhi |
||
| 350 | _a795 | ||
| 650 |
_aHistory _916047 |
||
| 942 |
_cBK _k954/DAT _2ddc |
||
| 999 |
_c42914 _d42914 |
||